00542nam a2200181 i 450000100060000000300090000600500170001500700030003200800410003510000280007624500900010425000150019426000400020930000280024970000200027785200320029785200310032999148ES-MaACL20230906182441.0t|050902s1969 sp ||||1| spa d1 aMartín Cano, César.10aEnsayo sobre el silencio / cpor Cesar Martín Cano; ilustraciones de Manuel Marola. a[1ª ed.]. aOviedo : bRichard Grandio, c1969. a208 p., 2 h. : b22 cm.1 aMarola, Manuel. aES-MaACLjC-38928 bR.70941 aES-MaACLjE-6074 bR.90860